000 00404nam a2200145Ia 4500
008 100122s9999 xx 000 0 und d
082 _b24803
_a823.08
100 _aसप्रे लता
245 _aदेवयानी
260 _bआनंद अनंत अंतरकर
_c1976
300 _a169
630 _aदेवयानी
730 _aदेवयानी
942 _cBOOK
999 _c411900
_d411897